التحول الشكلي / (رقم التسجيلة. 102111)
[ عرض عادي ]
| 000 -LEADER | |
|---|---|
| fixed length control field | 00651nam a22002177a 4500 |
| 005 - DATE AND TIME OF LATEST TRANSACTION | |
| control field | 20251108173347.0 |
| 008 - FIXED-LENGTH DATA ELEMENTS--GENERAL INFORMATION | |
| fixed length control field | 250721s1999 xx 000 0 ara d |
| 082 14 - DEWEY DECIMAL CLASSIFICATION NUMBER | |
| Classification number | ط/591.3/تحو |
| 245 10 - TITLE STATEMENT | |
| Title | التحول الشكلي / |
| 246 11 - VARYING FORM OF TITLE | |
| Title proper/short title | La metamorfosis |
| 264 1# - PRODUCTION, PUBLICATION, DISTRIBUTION, MANUFACTURE, AND COPYRIGHT NOTICE | |
| Place of production, publication, distribution, manufacture | بيروت : |
| Name of producer, publisher, distributor, manufacturer | أكاديميا إنترناشيونال، |
| Date of production, publication, distribution, manufacture, or copyright notice | 1999. |
| 300 ## - PHYSICAL DESCRIPTION | |
| Extent | 32ص. : مص |
| 490 0# - SERIES STATEMENT | |
| Series statement | دورات الحياة |
| 650 17 - SUBJECT ADDED ENTRY--TOPICAL TERM | |
| Topical term or geographic name as entry element | دورة الحياة |
| 650 17 - SUBJECT ADDED ENTRY--TOPICAL TERM | |
| Topical term or geographic name as entry element | التحول |
| 650 17 - SUBJECT ADDED ENTRY--TOPICAL TERM | |
| Topical term or geographic name as entry element | مراحل التطور |
| 650 17 - SUBJECT ADDED ENTRY--TOPICAL TERM | |
| Topical term or geographic name as entry element | الحيوانات |
| 653 ## - INDEX TERM--UNCONTROLLED | |
| Uncontrolled term | مرحلة ناشؤون صغار (10-14) سنة |
| 942 ## - ADDED ENTRY ELEMENTS (KOHA) | |
| Source of classification or shelving scheme | Dewey Decimal Classification |
| Koha item type | كتب |
| حالة السحب | حالة الفقدان | مصدر التصنيف | حالة التلف | غير قابل للإعارة | المكتبة الرئيسية | المكتبة الحالية | موقع الرف | تاريخ التزويد | الرقم المتسلسل | Total Checkouts | رقم الإستدعاء | الباركود | تاريخ آخر ظهور | تاريخ الفاتورة | نوع المادة (كوها) |
|---|---|---|---|---|---|---|---|---|---|---|---|---|---|---|---|
| Dewey Decimal Classification | المكتبة المركزية | المكتبة المركزية | الأطفال | 29/02/2012 | 1514232 | ط/591.3/تحو | PLD00243083 | 28/07/2025 | 29/02/2012 | كتب | |||||
| Dewey Decimal Classification | مكتبة البشائر للأطفال | مكتبة البشائر للأطفال | الإعارة | 23/05/2015 | [52755] | ط/591.3/تحو | PLD00325835 | 28/07/2025 | 23/05/2015 | كتب | |||||
| Dewey Decimal Classification | مكتبة أم المؤمنين للأطفال | مكتبة أم المؤمنين للأطفال | الأطفال | 28/07/2025 | 419862 | ط/591.3/تحو | 419862 | 28/07/2025 | 28/07/2025 | كتب | |||||
| Dewey Decimal Classification | مكتبة الأميرة سلمى | مكتبة الأميرة سلمى | الأطفال | 28/07/2025 | 568186 | ط/591.3/تحو | DUP-02_568186 | 28/07/2025 | 28/07/2025 | كتب | |||||
| Dewey Decimal Classification | مكتبة الأميرة سلمى | مكتبة الأميرة سلمى | الأطفال | 28/07/2025 | 565937 | ط/591.3/تحو | 565937 | 28/07/2025 | 28/07/2025 | كتب | |||||
| Dewey Decimal Classification | مكتبة الياسمين للأطفال | مكتبة الياسمين للأطفال | الأطفال | 15/04/2014 | 557875 | ط/591.3/تحو | PLD00299287 | 28/07/2025 | 15/04/2014 | كتب | |||||
| Dewey Decimal Classification | مكتبة الياسمين للأطفال | مكتبة الياسمين للأطفال | الأطفال | 15/04/2014 | 556632 | ط/591.3/تحو | PLD00299286 | 28/07/2025 | 15/04/2014 | كتب |